[Event "Uppsala op"]
[Site "Uppsala"]
[Date "2023.08.10"]
[Round "4"]
[White "Khaschuluu, Sergelenbaatar"]
[Black "Kicin, Almir"]
[Result "1/2-1/2"]
[WhiteElo "1687"]
[BlackElo "2108"]
[PlyCount "79"]
[EventDate "2023.08.07"]
[EventType "swiss"]
[EventRounds "7"]
[EventCountry "SWE"]
[SourceTitle "CBM 215 Extra"]
[Source "ChessBase"]
[SourceDate "2023.09.30"]
[SourceVersion "1"]
[SourceVersionDate "2023.09.30"]
[SourceQuality "1"]

1. e4 c5 2. Nf3 d6 3. d4 cxd4 4. Nxd4 Nf6 5. Nc3 g6 6. Be3 Bg7 7. f3 0-0 8. Qd2 Nc6 9. 0-0-0 Nxd4 10. Bxd4 Be6 11. Nd5 Bxd5 12. exd5 Qc7 13. g4 Rfc8 14. c3 Qa5 15. g5 Nh5 16. Bxg7 Kxg7 17. Bh3 Rc4 18. Kb1 b5 19. Bg4 b4 20. cxb4 Qxb4 21. Qxb4 Rxb4 22. Bxh5 gxh5 23. Rhe1 Rab8 24. b3 R8b7 25. Re4 Kg6 26. h4 Rxe4 27. fxe4 Rb4 28. Re1 f6 29. gxf6 Kxf6 30. Kc2 Ke5 31. Kc3 Rxe4 32. Rxe4+ Kxe4 33. Kc4 Kf4 34. Kd4 Kg3 35. Ke4 Kxh4 36. Kf4 Kh3 37. Kf3 Kh4 38. Kf4 Kh3 39. Kf3 Kh4 40. Kf4 1/2-1/2

[Event "Uppsala op"]
[Site "Uppsala"]
[Date "2023.08.08"]
[Round "2"]
[White "Ljungros, Lo"]
[Black "Kicin, Almir"]
[Result "0-1"]
[WhiteElo "1766"]
[BlackElo "2108"]
[PlyCount "30"]
[EventDate "2023.08.07"]
[EventType "swiss"]
[EventRounds "7"]
[EventCountry "SWE"]
[SourceTitle "CBM 215 Extra"]
[Source "ChessBase"]
[SourceDate "2023.09.30"]
[SourceVersion "1"]
[SourceVersionDate "2023.09.30"]
[SourceQuality "1"]

1. e4 c5 2. Nf3 Nc6 3. d4 cxd4 4. Nxd4 Qb6 5. Nb3 Nf6 6. Nc3 e6 7. Qe2 d6 8. g4 Be7 9. Bg2 a6 10. f4 Nd7 11. h4 Qc7 12. Be3 b5 13. 0-0-0 Na5 14. h5 Bb7 15. h6 g6 0-1